| 000 | 01206nam a22003617a 4500 | ||
|---|---|---|---|
| 001 | BR0602586 | ||
| 003 | BR-BrBNA | ||
| 005 | 20230928102155.0 | ||
| 007 | ta | ||
| 008 | 230509b bl.||||| |||| 00| 0 por d | ||
| 040 |
_aBR-BrBNA _bpor _cBiblioteca Nacional de Agricultura |
||
| 041 | _a(Por) | ||
| 072 |
_aL70 _b5400 |
||
| 090 | _ 5400 BR0602586 | ||
| 100 | 1 | _aCarneiro, R.A. | |
| 110 | 1 |
_aUniversidade Federal de Minas Gerais, Belo Horizonte (Brasil). Escola de Veterinária _0Tese (Doutor em Ciência Animal) |
|
| 245 | 1 | _aInoculação intra-prostática do veneno da serpente Bothrops jararacussu e de sua fração miotóxica em cães: avaliação clínica, laboratorial e anatomopatológica | |
| 260 | 3 |
_aBelo Horizonte, MG (Brasil): _c2005. |
|
| 300 | _a146 p. | ||
| 500 | _aSummaries (Eng, Por); Bibliography p. 114-126; 34 tables; 33 illus. | ||
| 650 | _aCÃO | ||
| 650 | _aANIMAL DE LABORATÓRIO | ||
| 650 | _aCOBRA | ||
| 650 | _aVENENO | ||
| 650 | _aINOCULAÇÃO | ||
| 650 | _aCROMATOGRAFIA | ||
| 650 | _aHIPERPLASIA | ||
| 650 | _aHISTOQUÍMICA | ||
| 650 | _aTECIDO ANIMAL | ||
| 650 | _aANÁLISE DE LABORATÓRIO | ||
| 909 |
_a202309 _bLucia _c55 _dLucia Elande |
||
| 942 | _cBK | ||
| 999 |
_c69488 _d69488 |
||